000 00632nam a2200193Ia 4500
003 LDD
008 190117s9999 xx 000 0 und d
020 _a9788176728527
_c₹350
040 _cLDD
041 _ahi
082 _a8H7.7 प6474क
100 _aपरसाई, हरिशंकर
245 0 _aकहत कबीर
_cहरिशंकर परसाई
260 _aनई दिल्ली
_bराजकमल प्रकाशन
_c2015
300 _a163p.
901 _aVANI
904 _aReqst by : Jitendra Kumar Srivasta
942 _2ddc
_cH
999 _c162935
_d162935